000 00539nam a2200193Ia 4500
008 240510s9999 xx 000 0 und d
020 _a0000135283655
041 _aEng
082 _a346
082 _bH16
100 _aHARRIS T.D.
245 4 _aTHE LEGALGUIDE TO COMPUTER SOFTWARE PROTECTION : A Practical Handbook on Copyrights, Trademarks, Publishing, and Trade Secrets
260 _bNEWJERSEY : PRINTICE HALL
260 _c1985
300 _a221 p.
650 _aSOFTWARE : COMPUTER SCIENCE
942 _2ddc
942 _cLBK
999 _c24757
_d24757
945 _a1
_bMadushi Gamage
_c1
_dMadushi Gamage